|
|
|
|
| LEADER |
01366nam a2200301 a 4500 |
| 001 |
31725 |
| 003 |
BD-DhAAL |
| 005 |
20241223144421.0 |
| 008 |
170524s2016 bg ||||| b||| 00| 1 ben d |
| 020 |
|
|
|a 9844600369
|
| 040 |
|
|
|a BD-DhAAL
|c BD-DhAAL
|
| 041 |
|
|
|a ben
|
| 082 |
|
|
|a 891.443
|2 23
|
| 100 |
|
|
|a জসীমউদ্দীন,
|d ১৯০৩-১৯৭৬.
|9 21657
|
| 245 |
|
|
|a বাঙালীর হাসির গল্প.
|n প্রথম খণ্ড /
|c জসীম উদ্দীন.
|
| 260 |
|
|
|a ঢাকা :
|b পলাশ প্রকাশনী,
|c ২০১৬
|
| 300 |
|
|
|a ১৫১, xvi পৃষ্ঠা ;
|c ২২ সে.মি.
|
| 362 |
|
|
|a Vol. 1
|
| 526 |
|
|
|a AAL
|
| 541 |
|
|
|e 31725, 31726
|
| 650 |
|
|
|a Short stories, Bengali.
|9 21658
|
| 650 |
|
|
|a Bengali wit and humor.
|
| 650 |
|
|
|a Bengali literature.
|
| 852 |
|
|
|a Ayesha Abed Library
|c General Stacks
|
| 942 |
|
|
|2 ddc
|c BK
|
| 999 |
|
|
|c 38147
|d 38147
|
| 952 |
|
|
|0 0
|1 0
|2 ddc
|4 0
|6 891_443000000000000_JAS
|7 0
|8 FIC
|9 60755
|a BRACUL
|b BRACUL
|c GEN
|d 2017-05-22
|e Paragon Enterprises
|g 175.00
|l 18
|m 59
|o 891.443 JAS
|p 3010031725
|r 2025-10-07
|s 2025-09-24
|t 1
|v 175.00
|w 2017-05-22
|y BK
|
| 952 |
|
|
|0 0
|1 0
|2 ddc
|4 0
|6 891_443000000000000_JAS
|7 0
|8 FIC
|9 60756
|a BRACUL
|b BRACUL
|c GEN
|d 2017-05-22
|e Paragon Enterprises
|g 175.00
|l 18
|m 87
|o 891.443 JAS
|p 3010031726
|r 2025-10-09
|s 2025-09-21
|t 2
|v 175.00
|w 2017-05-22
|y BK
|